| 000 | 00819nam a22002057a 4500 | ||
|---|---|---|---|
| 005 | 20250729152328.0 | ||
| 008 | 250729b |||||||| |||| 00| 0 eng d | ||
| 020 | _a81-87654-13-9 (hbk) | ||
| 037 | _cTB | ||
| 040 |
_aCRL _cCRL |
||
| 041 |
_2pun _apun |
||
| 084 |
_a4 153Q3 _qCRL |
||
| 100 |
_aਕੌਰ, ਜਗਜੀਤ _9816816 |
||
| 245 | _aਸਿਰਜਣਾਤਮਕ-ਲੇਖਣ ਅਤੇ ਜਨ ਸੰਚਾਰ ਮਾਧਿਅਮ | ||
| 260 |
_aਦਿੱਲੀ, ਭਾਰਤ: _bਮਨਪ੍ਰੀਤ ਪਰਕਾਸ਼ਨ, _c2013. |
||
| 650 | _2ਪਤਰਕਾਰਿਤਾ | ||
| 700 |
_aਸਿੰਘ, ਮਨਜੀਤ _9816817 |
||
| 942 |
_2CC _cTB _h4 153Q3 _n0 |
||
| 999 |
_c1434363 _d1434363 |
||